000 00581ntaaa2200193 4500
003 01
005 20251027201457.0
008 0714s1973 ag 01
040 _aAR-BaBN
_bspa
_cAR-BaBN
_eaacr
_dRIC
082 _a226.6000 M83
100 _aMorrow, R. C.
_913345
245 _aEstudio de los Hechos
250 _a1 ed. :
_bCasa de Publicaciones El Faro,
_c1950
300 _a131 p.
500 _a(Biblioteca de Estudio BĂ­blico, tomo 8) Para el uso de las Sociedades Femeniles de la Iglesia Presbiteriana.
650 _aBiblia-N.T.-Hechos
650 _aHechos
_94398
942 _cBK
999 _c9332
_d9332